000
00373nam a2200181Ia 4500
003
0STCL
008
150530s9999 xx 000 0 und d
040
_a
STCL
_c
STCL
100
_a
Yogesh Gupth
245
_a
Chavinath
250
_a
1
260
_c
2005
_a
New Delhi
300
_a
0
546
_a
Hindi
942
_2
ddc
_c
BK
999
_c
64331
_d
64331
005
20220125171241.0